Statistiken für Käsekuchen-Rezept

Klicken Sie hier um das Quiz zu spielen!

Allgemein

  • Dieses Quiz wurde 158 mal gespielt
  • Das Durchschnittsergebnis liegt bei 10 aus 13

Antwortstatistiken

MengeMengeneinheitZutat% Korrekt
150GrammZucker
100%
125GrammZucker
100%
250GrammMehl
98%
1PriseSalz
98%
1TeelöffelBackpulver
96%
125GrammButter/Margarine
87%
2TassenMilch
86%
500GrammQuark
84%
1PäckchenVanillezucker
84%
1StückEi
79%
1StückEi
79%
3/4TasseÖl
44%
1PäckchenVanillepuddingpulver
11%

Verteilung der Resultate

Perzentil nach korrekt beantworteten Fragen

Anzahl Personen mit jedem Resultat

Ihre Resultats-Entwicklung

Sie haben dieses Quiz noch nicht gespielt